Wave of Mutilation - Pixies (All lyrics) - Statistics

General Stats
  • This quiz has been taken 33 times
  • The average score is 66 of 76
Answer Stats
Hint Answer % Correct
Goodbye
100%
My
100%
My
100%
My
100%
To
100%
To
100%
I
96%
Mutilation
96%
Mutilation
96%
Mutilation
96%
Mutilation
96%
Mutilation
96%
Mutilation
96%
Mutilation
96%
Mutilation
96%
Mutilation
96%
Of
96%
Of
96%
Of
96%
Of
96%
Of
96%
Of
96%
Of
96%
Of
96%
Of
96%
Wave
96%
Wave
96%
Wave
96%
Wave
96%
Wave
96%
Wave
96%
Wave
96%
Wave
96%
Wave
96%
Wave
96%
Wave
96%
Wave
96%
Wave
96%
Wave
96%
Wave
96%
A
92%
A
92%
Into
92%
Ocean
92%
Chorus On
92%
Chorus/Outro On
92%
The
92%
The
92%
The
92%
The
92%
Car
88%
Drive
88%
Way
85%
With
81%
Verse 1 Cease
77%
Giving
77%
Resist
77%
Sail
77%
Mariana
73%
Away
69%
Crustaceans
69%
Dead
69%
Find
69%
I'm
69%
Verse 2 I've
69%
Think
69%
You
69%
But
65%
El
65%
Kissed
65%
Nino
65%
Rode
65%
Could
58%
Mermaids
58%
Walked
58%
Sands
54%
No matching quizzes found
Score Distribution
Percent of People with Each Score
Percentile by Number Answered
Your Score History
You have not taken this quiz